<?xml version="1.0" encoding="UTF-8"?>
<record
    xmlns:xsi="http://www.w3.org/2001/XMLSchema-instance"
    xsi:schemaLocation="http://www.loc.gov/MARC21/slim http://www.loc.gov/standards/marcxml/schema/MARC21slim.xsd"
    xmlns="http://www.loc.gov/MARC21/slim">

  <leader>01938nam a22002777a 4500</leader>
  <datafield tag="999" ind1=" " ind2=" ">
    <subfield code="c">1316</subfield>
    <subfield code="d">1316</subfield>
  </datafield>
  <controlfield tag="003">OSt</controlfield>
  <controlfield tag="005">20200729132225.0</controlfield>
  <controlfield tag="008">170516b        xxu||||| |||| 00| 0 esp d</controlfield>
  <datafield tag="040" ind1=" " ind2=" ">
    <subfield code="c">DO-SdBJH</subfield>
    <subfield code="a">DO-SdBJH</subfield>
    <subfield code="b">spa</subfield>
  </datafield>
  <datafield tag="090" ind1=" " ind2=" ">
    <subfield code="a">TG EGCEMN</subfield>
    <subfield code="b">00938 2015</subfield>
  </datafield>
  <datafield tag="100" ind1="1" ind2=" ">
    <subfield code="a">Araujo Morb&#xE1;n, Yeudi Alberto</subfield>
    <subfield code="e">sustentante</subfield>
  </datafield>
  <datafield tag="245" ind1="1" ind2="0">
    <subfield code="a">Impacto producido en la Armada de Rep&#xFA;blica Dominicana a partir de la implementaci&#xF3;n de la Ley Org&#xE1;nica de las Fuerzas Armadas No. 139-13 / </subfield>
    <subfield code="c">Yeudi Alberto Araujo Morb&#xE1;n, asesores Marisol Magallanes Ynoa, Juan B. Cris&#xF3;stomo Mart&#xED;nez</subfield>
  </datafield>
  <datafield tag="260" ind1=" " ind2=" ">
    <subfield code="a">Santo Domingo Este :</subfield>
    <subfield code="b">INSUDE, </subfield>
    <subfield code="c">2015</subfield>
  </datafield>
  <datafield tag="300" ind1=" " ind2=" ">
    <subfield code="a">iii, 80 p&#xE1;ginas, ilustraciones-gr&#xE1;ficas-tablas</subfield>
  </datafield>
  <datafield tag="502" ind1=" " ind2=" ">
    <subfield code="a">Tesis (Especialidad en Comando y Estado Mayor Naval). -- Instituto Superior para la Defensa (INSUDE).   Escuela de Graduados de Comando y Estado Mayor Naval, 2015.</subfield>
  </datafield>
  <datafield tag="504" ind1=" " ind2=" ">
    <subfield code="a">Incluye referencias bibliogr&#xE1;ficas e &#xED;ndices</subfield>
  </datafield>
  <datafield tag="505" ind1=" " ind2=" ">
    <subfield code="a">Origen, evoluci&#xF3;n y situaci&#xF3;n actual de la Armada de Rep&#xFA;blica Dominicana, causas y motivos que obligaron a promulgar la Ley No. 139-13 Org&#xE1;nica de las Fuerzas Armadas. -- Disposiciones introducidas por la Ley Org&#xE1;nica de las Fuerzas Armadas No. 139-13, impacto producido en la Armada de Rep&#xFA;blica Dominicana por la implentaci&#xF3;n de la Ley Org&#xE1;nica No. 139-13  de las Fuerzas Armadas</subfield>
  </datafield>
  <datafield tag="650" ind1=" " ind2="4">
    <subfield code="a">Ley org&#xE1;nica de las Fuerzas Armadas No. 139-13  -- Impacto en la Armada</subfield>
  </datafield>
  <datafield tag="650" ind1=" " ind2="4">
    <subfield code="a">Incorporar nuevos cuerpos de Defensa y sEguridad</subfield>
  </datafield>
  <datafield tag="650" ind1=" " ind2="4">
    <subfield code="a">Carrera militar y sistema educativo -- Jeralquia, grados, antig&#xFC;edad y mando</subfield>
  </datafield>
  <datafield tag="651" ind1=" " ind2="4">
    <subfield code="a">Rep&#xFA;blica Dominicana.  Instituto Superior para la Defensa.  Escuela de Graduados de Altos Estudios Estrat&#xE9;gicos</subfield>
  </datafield>
  <datafield tag="700" ind1="1" ind2=" ">
    <subfield code="a">Magallanes Ynoa, Marisol</subfield>
    <subfield code="e">asesor</subfield>
  </datafield>
  <datafield tag="700" ind1="1" ind2=" ">
    <subfield code="a">Cris&#xF3;stomo Mart&#xED;nez, Juan B.</subfield>
    <subfield code="e">asesor</subfield>
  </datafield>
  <datafield tag="830" ind1=" " ind2=" ">
    <subfield code="a">INSUDE.  &#x201C;Escuela de Graduados de Comando y Estado Mayor Naval&#x201D;.  Tesis y disertaciones acad&#xE9;micas</subfield>
  </datafield>
  <datafield tag="942" ind1=" " ind2=" ">
    <subfield code="2">CL</subfield>
    <subfield code="c">T</subfield>
  </datafield>
  <datafield tag="952" ind1=" " ind2=" ">
    <subfield code="0">0</subfield>
    <subfield code="1">0</subfield>
    <subfield code="2">CL</subfield>
    <subfield code="4">0</subfield>
    <subfield code="7">1</subfield>
    <subfield code="8">TG</subfield>
    <subfield code="a">BJHA</subfield>
    <subfield code="b">BJHA</subfield>
    <subfield code="d">2017-05-16</subfield>
    <subfield code="i">15-00938</subfield>
    <subfield code="l">0</subfield>
    <subfield code="o">TG EGCEMN 00938 2015</subfield>
    <subfield code="p">15-00938</subfield>
    <subfield code="r">2018-10-06 00:00:00</subfield>
    <subfield code="t">e.1</subfield>
    <subfield code="w">2017-05-16</subfield>
    <subfield code="y">T</subfield>
  </datafield>
</record>
